| 000 | 00762cam a22002533a 4500 | ||
|---|---|---|---|
| 001 | 16770 | ||
| 003 | PGUSA | ||
| 005 | 20140828083346.0 | ||
| 008 | 050928s2005||||xxu|||||s|||||000 p eng d | ||
| 040 |
_aPGUSA _beng |
||
| 042 | _adc | ||
| 050 | 4 | _aPZ | |
| 100 | 1 |
_aUpton, Bertha, _d1849-1912 |
|
| 245 | 1 | 4 |
_aThe Adventure of Two Dutch Dolls and a 'Golliwogg' _h[electronic resource] / _cBertha Upton |
| 260 |
_bProject Gutenberg, _c2005 |
||
| 506 | _aPublic domain in the USA. | ||
| 516 | _aElectronic text | ||
| 653 | _aToys -- Juvenile poetry | ||
| 653 | _aDolls -- Juvenile poetry | ||
| 700 | 1 |
_aUpton, Florence K. _q(Florence Kate), _d1873-1922 |
|
| 830 | 0 |
_aProject Gutenberg _v16770 |
|
| 856 | 4 | 0 | _uhttp://www.gutenberg.org/ebooks/16770 |
| 942 | _cEB | ||
| 999 |
_c246025 _d246025 |
||